IS-MP-IA model diplomová práca

Salvato in:
Dettagli Bibliografici
Autore principale: Valachová, Zuzana
Ente Autore: Fakulta hospodárskej informatiky EU. Katedra operačného výskumu a ekonometrie
Altri autori: Szomolányi, Karol, 1976-
Natura: Libro
Lingua:slovacco
Pubblicazione: Bratislava 2010
Tags: Aggiungi Tag
Nessun Tag, puoi essere il primo ad aggiungerne!!

MARC

LEADER 00000nam a2200000 4500
001 0118868
005 20240318122337.4
041 0 |a slo 
044 |a SK 
245 1 0 |a IS-MP-IA model  |b diplomová práca  |c Zuzana Valachová ; škol. Karol Szomolányi 
264 1 |a Bratislava  |c 2010 
300 |a 73 s. 
100 1 |a Valachová, Zuzana 
700 1 |a Szomolányi, Karol, 1976- 
710 2 |a Fakulta hospodárskej informatiky EU. Katedra operačného výskumu a ekonometrie